| 000 | 03413nim a2200565 i 4500 | ||
|---|---|---|---|
| 001 | 197255 | ||
| 003 | ES-MaACL | ||
| 005 | 20250928133639.0 | ||
| 007 | ss zsnzzbimuez | ||
| 008 | 250430s1990 sp n || c spa | ||
| 035 | _a(SpMaBN)a3300835 | ||
| 035 | _a(OCoLC)431050857 | ||
| 040 |
_aSpMaBN _bspa _cSpMaBN _erdc |
||
| 245 | 0 | 0 |
_aI Jornadas sobre ecología y política ambiental de Izquierda Unida _h[Grabación sonora] |
| 260 |
_aMadrid : _bAteneo de Madrid, _c1990 |
||
| 300 |
_a4 casetes (ca. 360 min) : _bson. ; _c11 cm. + _e1 programa de mano |
||
| 490 | 1 | _3Actos culturales en el Ateneo de Madrid. | |
| 505 | _aCintas 1-4. Día 12. Presentación de las jornadas, conferencia: economía y ecología / interviene: Artemio Precioso, presidente de la fundación GONDWANA. Conferencia: ecología y sociedad / interviene: Jorge Riechman, profesor de sociología de la Universidad de Barcelona y redactor de las revistas "mientras tanto" y "en pie de paz". Conferencia: energía / interviene: Ladislao Martínez, asociación ecologista para la defensa de la naturaleza; Conferencia: administración y legislación / interviene: Cristina Álvarez, abogada. – Cintas 5-7. Día 13. Conferencia: desertización / interviene: Santiago Martín Barajas, de la coordinadora para la defensa ambiental; Conferencia: contaminación / interviene: Juan López de Uralde, Greenpace-España. Conferencia: conservación y recuperación / interviene: Carlos Valdecillo, asociación para la defensa de la naturaleza. Conferencia: cooperación / interviene: Ignacio Santos, federación española de amigos de la tierra. Clausura / interviene: Alonso Puerta, eurodiputado de IU y miembro de la comisión de medio ambiente, salud pública y protección al consumidor del parlamento europeo. | ||
| 518 | _aGrabado los días 12 y 13 de octubre de 1990 en el Ateneo de Madrid | ||
| 520 | _aJornadas con el objetivo de establecer un diagnóstico de la situación ambiental en España | ||
| 540 | _aDocumento inédito. | ||
| 594 | _5Datos basados en el programa de las jornadas. | ||
| 610 | 2 | 0 |
_aAteneo de Madrid- _xActos culturales- _y1990- _vGrabaciones sonoras _9240083 |
| 650 | 4 |
_aPolítica ambiental _916286 |
|
| 650 | 4 |
_aEcología _911995 |
|
| 653 | _aArchivo de la palabra | ||
| 655 | 0 |
_aConferencias _9234444 |
|
| 700 | 1 |
_aPrecioso Ugarte, Artemio, _d1917-2007 _eora _9240432 |
|
| 700 | 0 |
_997073 _aRiechmann, Jorge _eora |
|
| 700 | 0 |
_977781 _aMartínez, Ladislao _eora |
|
| 700 |
_aÁlvarez Puerto, Cristina, _d1966- _eora _9239261 |
||
| 700 | 1 |
_9240433 _aMartín Barajas, Santiago _eora |
|
| 700 | 1 |
_9240434 _aLópez de Uralde, Juan _eora _d1963- |
|
| 700 | 1 |
_9240435 _aGonzález Vallecillo, Carlos _eora |
|
| 700 | 1 |
_9240436 _aSantos Molina, Ignacio _eora |
|
| 700 | 1 |
_994171 _aPuerta, Alonso _eora |
|
| 710 | 2 |
_aAteneo de Madrid _91875 _ehis |
|
| 710 | 0 |
_aIzquierda Unida (España) _95325 _eclb |
|
| 830 | 0 |
_aActos culturales en el Ateneo de Madrid _9240237 |
|
| 852 |
_aES-MaACL _cDEPOZ _pCinta 1 _9205481 |
||
| 852 |
_aES-MaACL _cDEPOZ _pCinta 2 _9205482 |
||
| 852 |
_aES-MaACL _cDEPOZ _pCinta 3 _9205483 |
||
| 852 |
_aES-MaACL _cDEPOZ _pCinta 4 _9205484 |
||
| 852 |
_aES-MaACL _cDEPOZ _pCinta 5 _9205493 |
||
| 852 |
_aES-MaACL _cDEPOZ _pCinta 6 _9205494 |
||
| 852 |
_aES-MaACL _cDEPOZ _pCinta 7 _9205495 |
||
| 942 |
_2udc _cCINTASAUD _n0 |
||
| 999 |
_c197255 _d197255 |
||